| 000 | 00744nam a2200265Ia 4500 | ||
|---|---|---|---|
| 003 | OSt | ||
| 005 | 20220924131157.0 | ||
| 006 | a|||||r|||| 00| 0 | ||
| 007 | ta | ||
| 008 | 220923b |||||||| |||| 00| 0 san d | ||
| 024 | _a59041 | ||
| 037 | _cTextual | ||
| 040 |
_aARTS _cARTS _bsan |
||
| 041 |
_2san _asan |
||
| 082 | _aQ133:4x5,1, 15K6;N3 (P15) | ||
| 100 | _aGautama | ||
| 245 | 0 | _aDharma-Sutra with Hindi tr by Umesh Chandra Pandey | |
| 250 | _a3rd | ||
| 260 |
_aVaranasi _bChaukhambha Sanskrit Sanskthan _c1993 |
||
| 300 |
_a47,291p. _ccm. |
||
| 490 | _aKashi Sanskrit Series; 172 | ||
| 650 | _aRELIGION | ||
| 942 |
_hQ133:4x5,1, 15K6;N3 (P15) _cTEXL _2CC |
||
| 999 |
_c426597 _d426597 |
||